| 000 | 01321nam a2200373 a 4500 | ||
|---|---|---|---|
| 003 | CHAP | ||
| 005 | 20220329143117.0 | ||
| 008 | 060421d2004 mx 00010 spa d | ||
| 010 | _a92056 | ||
| 011 | _a93028 | ||
| 020 | _a9680201899 | ||
| 035 | _a103599 | ||
| 040 | _cCHAP | ||
| 090 | _aCD-190 | ||
| 100 | 0 | 0 |
_aCoss García, Rigoberto. _928462 |
| 245 | 1 | 0 |
_aGramíneas de zonas áridas : sistema multimedia (disco compacto) _c/por Roberto Coss García, José Manuel Cisneros Vázquez y José Santana Méndez Rivera |
| 260 |
_aBermejillo, Dgo. : _bUACH. Unidad Regiona Universitaria de Zonas Aridas, _c2004. |
||
| 300 |
_a1 disco compacto _c4 3/4 plgs. |
||
| 590 |
_aBATCH-UPD _b10 _c20130110 _lUCH01 _h0552 |
||
| 590 |
_aBATCH-UPD _b10 _c20130110 _lUCH01 _h2235 |
||
| 590 |
_aBATCH-UPD _b10 _c20130410 _lUCH01 _h0233 |
||
| 590 |
_aBATCH-UPD _b10 _c20130914 _lUCH01 _h0738 |
||
| 590 |
_aCONVERSION _b10 _c20130109 _lUCH01 _h1351 |
||
| 650 | 1 | 4 |
_aBotánica _xDurango. _914532 |
| 650 | 1 | 4 |
_aGramíneas. _950260 |
| 650 | 1 | 4 |
_aMultimedia en educación. _979461 |
| 650 | 1 | 4 |
_aPlantas forrajeras. _988943 |
| 700 | 0 |
_aCisneros Vázquez, José Manuel. _923471 |
|
| 700 | 0 |
_aMéndez Rivera, José Santana. _976572 |
|
| 901 | _aBK | ||
| 905 | _aLilia | ||
| 942 | _cCD | ||
| 949 |
_aCD-190 _bBC _cCD _d33724000984662 _eCD _i103599 _sb |
||
| 999 |
_c92056 _d92056 |
||